000 01142nam a2200217Ia 4500
999 _c38544
_d38544
001 4645
003 GE_BSU
005 20190514150420.0
008 181216s2002||||ge |||||||||||||| ||geo||
040 _cGE_BSU
041 _ageo
080 _a621.396.946 პ–28
245 _aპერსონალური ტელეკომუნიკაციის ფიჭური და თანამგზავრული სისტემები /
_cნ. თამაზაშვილი ; გ . გაბეკირია ; ნ .ვეკუა ; ნ. თამაზაშვილის ; რედაქციით
264 _aთბილისი .:
_bცოტნე ,
_c2002.
300 _a303 გვ.;
_c20 სმ.
653 _aპერსონალური ტელეკომუნიკაციის ფიჭური და თანამგზავრული სისტემები
700 _a გაბეკირია, გ
_91106
700 _aვეკუა, ნ
_91107
700 _aთამაზაშვილი, ნ.
_eრედაქტორი
_91108
942 _cBK
_2udc